| 000 | 00511nam a2200193 a 4500 | ||
|---|---|---|---|
| 001 | 1627 | ||
| 005 | 20140414131852.0 | ||
| 008 | 010420s19uu xx 00 eng d | ||
| 020 | _a0-8136-2858-X | ||
| 050 |
_aM 613 _bJ71 1992 |
||
| 100 | _aJones, Anne G. | ||
| 245 |
_aDigestion and energy / _cwritten by Anne G. Jones. |
||
| 260 |
_aCleveland, Ohio : _bModern Curriculum Press, _c1992. |
||
| 300 | _a16p. ; cm. | ||
| 440 | _aConcept health | ||
| 650 | _aScience. | ||
| 650 | _aHealth. | ||
| 999 |
_c110222 _d110222 |
||